| 000 | 00471nam a2200181Ia 4500 | ||
|---|---|---|---|
| 005 | 20260423115654.0 | ||
| 008 | 231207s9999 xx 000 0 und d | ||
| 020 | _a9789812454683 | ||
| 040 | _cPK-LaNCA | ||
| 082 |
_a080 _bMAC |
||
| 100 | _aLehmann, Falk | ||
| 245 | 0 | _aMa'Claim: finest photorealistic graffiti | |
| 260 |
_bPage One Publishing _aSingapore _c2006 |
||
| 300 |
_a160p _bill |
||
| 546 | _aEnglish | ||
| 650 | _aGraffiti. Graffiti movement. | ||
| 942 | _cBK | ||
| 999 |
_c26859 _d26859 |
||